Policy making and executive action; cases on business policy.

সংরক্ষণ করুন:
গ্রন্থ-পঞ্জীর বিবরন
প্রধান লেখক: McNichols, Thomas J.
বিন্যাস: গ্রন্থ
ভাষা:English
প্রকাশিত: New York, McGraw-Hill, 1959.
বিষয়গুলি:
LEADER 00848nam a2200241 a 4500
001 c000168551
003 CARM
005 19901113000000.0
008 910726s1959 nyua 000 0 eng
010 |a 58014357 
019 1 |a 8191235  |5 LACONCORD2021 
035 |a (OCoLC)1579326  |5 LACONCORD2021 
040 |a ANL  |b eng  |c ANL 
050 0 0 |a HD31  |b .M279 
082 0 4 |a 658 
100 1 |a McNichols, Thomas J. 
245 1 0 |a Policy making and executive action;  |b cases on business policy. 
260 |a New York,  |b McGraw-Hill,  |c 1959. 
300 |a 693 p.  |b illus.  |c 24 cm. 
650 0 |a Industrial management  |x Case studies. 
852 8 |b CARM  |h A2:AN31E0  |i C06049  |p 0217997  |f BK 
999 f f |i 558ba24c-df42-57d9-a95d-34db4bd36f1d  |s 032da1cf-98de-5b0c-8e15-abe720cb59f5 
952 f f |p Can circulate  |a CAVAL  |b CAVAL  |c CAVAL  |d CARM 1 Store  |e C06049  |f A2:AN31E0  |h Other scheme  |i book  |m 0217997